| 000 | 00659nam a2200217 a 4500 | ||
|---|---|---|---|
| 005 | 20140310183519.0 | ||
| 008 | 110201s19uu xx 00 eng d | ||
| 020 | _a9789712718083 | ||
| 050 |
_aPN 5427.A87 _b.P75 2006 |
||
| 245 |
_aPrize journalism : _ba collection of Award winners / _cedited by Rachel E. Khan. |
||
| 260 |
_aPasig City : _bAnvil Pub, _c2006. |
||
| 300 |
_a333 p. : _c24 cm. _bill. ; |
||
| 521 | _aMC | ||
| 650 | _aJournalism-Awards. | ||
| 650 | _aJaime Ongpin Awards forExcellence in Journalism(JVOAE). | ||
| 700 | _aedited by: Rachel E. Khan | ||
| 942 |
_cBK _2lcc _kLOC |
||
| 999 |
_c24362 _d24362 |
||